000
00364nam a2200133Ia 4500
003
GCL
008
140319s9999 xx 000 0 ara d
040
_a
GCL /
_c
GCL
082
0
4
_a
345.05
_b
ح ح
245
1
0
_a
الحديث فى النقد الجنائى (1976_1984)
260
_a
[S.N] :
_b
المكتبة القانونية ،
_c
1985
300
_a
484 ص
490
_a
999
_c
54925
_d
54925